书目信息 |
| 题名: |
羽毛球技、战术训练与运用
|
|
| 作者: | 林建成 编著 | |
| 分册: | ||
| 出版信息: | 北京 人民体育出版社 2009 |
|
| 页数: | 314页 | |
| 开本: | 21cm | |
| 丛书名: | ||
| 单 册: | ||
| 中图分类: | G847.19 | |
| 科图分类: | ||
| 主题词: | 羽毛球运动--运动技术 , 羽毛球运动 , 运动技术 | |
| 电子资源: | ||
| ISBN: | 978-7-5009-3585-8 | |
| 000 | 00856nam0 2200253 45 | |
| 001 | 1130724937 | |
| 005 | 20110310094600.31 | |
| 010 | @a978-7-5009-3585-8@dCNY25.00 | |
| 100 | @a20110121e20102009em y0chiy50 ea | |
| 101 | 0 | @achi |
| 102 | @aCN@b110000 | |
| 105 | @aa z 000yy | |
| 106 | @ar | |
| 200 | 1 | @a羽毛球技、战术训练与运用@AYu Mao Qiu Ji、 Zhan Shu Xun Lian Yu Yun Yong@f林建成编著@FLin Jian Cheng Bian Zhu |
| 210 | @a北京@c人民体育出版社@d2009@h2010 | |
| 215 | @a314页@c图,照片@d21cm | |
| 330 | @a本书介绍了羽毛球运动基本技术、羽毛球运动战术、羽毛球运动战术意识、羽毛球比赛现场指导的原则与要求等内容。 | |
| 606 | 0 | @a羽毛球运动@x运动技术 |
| 606 | 0 | @a羽毛球运动 |
| 606 | 0 | @a运动技术 |
| 690 | @aG847.19@v4 | |
| 701 | 0 | @a林建成@ALin Jian Cheng@f(1939~)@4编著 |
| 801 | 0 | @aCN@bTANGWEI@c20110310 |
| 905 | @b0531742-45@dG847.19@e351@f4 | |
| 羽毛球技、战术训练与运用/林建成编著.-北京:人民体育出版社,2009(2010) |
| 314页:图,照片;21cm |
| ISBN 978-7-5009-3585-8:CNY25.00 |
| 本书介绍了羽毛球运动基本技术、羽毛球运动战术、羽毛球运动战术意识、羽毛球比赛现场指导的原则与要求等内容。 |
| ● |
| 相关链接 |
|
|
|
|
正题名:羽毛球技、战术训练与运用
索取号:G847.19/351
 
预约/预借
| 序号 | 登录号 | 条形码 | 馆藏地/架位号 | 状态 | 备注 |
| 1 | 0531742 | 205317423 | 第一样本阅览室/ [索取号:G847.19/351] | 在馆 | |
| 2 | 0531743 | 205317432 | 第四借阅区/ [索取号:G847.19/351] | 在馆 | |
| 3 | 0531744 | 205317441 | 第四借阅区/ [索取号:G847.19/351] | 在馆 | |
| 4 | 0531745 | 205317450 | 第四借阅区/ [索取号:G847.19/351] | 在馆 |